Historia argentina /

Guardado en:
Autor Principal: Zuretti, Juan Carlos
Formato: Libro
Publicado: Buenos Aires : Itinerarium, 1964
Materias:
Etiquetas: Agregar Etiqueta
Sin Etiquetas, Sea el primero en etiquetar este registro!
LEADER 00451nam a22001695a 4500
001 CEM.cems006773
005 20060214000000.0
008 130507s1964##################000#0#####d
003 CEMS
082 0 4 |a 982 
100 1 |a Zuretti, Juan Carlos 
245 1 0 |a Historia argentina / 
260 |a Buenos Aires :  |b Itinerarium,  |c 1964 
300 |a 433 p. 
653 |a Historia 
653 |a Historia argentina 
859 |a CEMS  |b BIB. CEMS - 11 de abril  |h 982  |i Z87  |p 8055.80  |t Ej.1